000 00531nam a22001817a 4500
003 UA-OsUOA
001 15632
007 ta
008 20031130b un ||||| |||| 00| 0 ukr d
100 _aМіщеня А.
942 _cSA
040 _aUA-OsUOA
_cUA-OsUOA
_dUA-OsUOA
245 _aІсторія створення молодіжних організацій на Рівненщині
300 _aС.3
955 _a0
773 0 _w0
_tРушійна сила
_dРівне
_d2003
_g№4/груд./
650 7 _aІсторія
_2UDC
999 _c301797
_d301797